000 00802nam a2200205 4500
001 138904
003 ES-MaACL
005 20250808004438.0
007 t|
008 070214s1948 sp r ||||1| spa d
100 1 _aSan Valero Aparisi, Julián.
_9102311
245 1 3 _aLa Península Hispánica en el mundo neolítico /
_cJulián San Valero Aparisi.
260 _aMadrid :
_b[s. n.],
_c1948 (
_fDiana Artes Gráficas)
300 _a31 p., 8 lám. :
_bil. ;
_c26 cm.
490 1 _aPublicaciones del Seminario de Historia Primitiva del Hombre : Notas ;
_v3
710 2 _aUniversidad de Madrid.
_bSeminario de Historia Primitiva del Hombre.
_97218
830 0 0 _aPublicaciones del Seminario de Historia Primitiva del Hombre
_v3
_9220019
852 _aES-MaACL
_j1907-F-16
999 _c138904
_d138904